[Event "US Open-111"]
[Site "Irvine"]
[Date "2010.08.03"]
[Round "4"]
[White "West, Vanessa A"]
[Black "Ramirez Alvarez, Alejandro"]
[Result "0-1"]
[WhiteElo "2063"]
[BlackElo "2562"]
[PlyCount "70"]
[EventDate "2010.07.31"]
[EventType "swiss"]
[EventRounds "9"]
[EventCountry "USA"]
[SourceTitle "CBM 137 Extra"]
[Source "ChessBase"]
[SourceDate "2010.09.01"]
[SourceVersion "1"]
[SourceVersionDate "2010.09.01"]
[SourceQuality "1"]

1. e4 Nf6 2. e5 Nd5 3. d4 d6 4. Nf3 dxe5 5. Nxe5 c6 6. Be2 Nd7 7. Nf3 g6 8. c4 Nc7 9. Nc3 Bg7 10. Be3 0-0 11. 0-0 Nf6 12. h3 Nce8 13. Qd2 Nd6 14. Bh6 Bxh6 15. Qxh6 b5 16. cxb5 cxb5 17. Nxb5 Nxb5 18. Bxb5 Rb8 19. Bc4 Rxb2 20. d5 Qb6 21. Rae1 Rb4 22. Rc1 Bb7 23. Ng5 Qd6 24. Rfd1 Rc8 25. Bb3 Rxc1 26. Rxc1 a5 27. Rc3 a4 28. Bc2 Qxd5 29. Rg3 Qd2 30. Rd3 Qe1+ 31. Kh2 Qe5+ 32. Rg3 Rg4 33. Nxh7 Rxg3 34. Nxf6+ exf6 35. fxg3 Qe2 0-1

[Event "US Open-108"]
[Site "Cherry Hill"]
[Date "2007.07.31"]
[Round "4"]
[White "West, Vanessa A"]
[Black "Rowley, Robert"]
[Result "1/2-1/2"]
[WhiteElo "2087"]
[BlackElo "2276"]
[PlyCount "56"]
[EventDate "2007.07.28"]
[EventType "swiss"]
[EventRounds "9"]
[EventCountry "USA"]
[SourceTitle "CBM 119 Extra"]
[Source "ChessBase"]
[SourceDate "2007.09.04"]
[SourceVersion "1"]
[SourceVersionDate "2007.09.04"]
[SourceQuality "1"]

1. e4 c6 2. d4 d5 3. exd5 cxd5 4. c4 Nf6 5. Nc3 e6 6. Nf3 Be7 7. Bd3 0-0 8. 0-0 Nc6 9. cxd5 Nxd5 10. a3 Nxc3 11. bxc3 b6 12. Qc2 g6 13. Bb2 Bb7 14. c4 Bf6 15. Rfd1 Rc8 16. Be4 Na5 17. Bxb7 Nxb7 18. Rac1 Na5 19. Qe2 Qd6 20. Nd2 Bg7 21. Ne4 Qe7 22. d5 exd5 23. Bxg7 Kxg7 24. cxd5 Rxc1 25. Rxc1 Re8 26. f3 Qxa3 27. Qd2 Qe7 28. h4 Qe5 1/2-1/2

[Event "USA-ch GpB"]
[Site "San Diego"]
[Date "2006.03.10"]
[Round "8"]
[White "Airapetian, Chouchanik"]
[Black "West, Vanessa A"]
[Result "1-0"]
[WhiteElo "2130"]
[BlackElo "2083"]
[PlyCount "75"]
[EventDate "2006.03.02"]
[EventType "swiss"]
[EventRounds "9"]
[EventCountry "USA"]
[SourceTitle "CBM 112"]
[Source "ChessBase"]
[SourceDate "2006.06.07"]
[SourceVersion "1"]
[SourceVersionDate "2006.06.07"]
[SourceQuality "1"]

1. e4 c5 2. Nf3 d6 3. d4 cxd4 4. Nxd4 Nf6 5. Nc3 g6 6. Be3 Bg7 7. f3 Nc6 8. Bc4 0-0 9. Qd2 Bd7 10. 0-0-0 Rb8 11. g4 b5 12. Bb3 a5 13. Ncxb5 a4 14. Bc4 Ne5 15. Be2 Nxf3 16. Bxf3 Bxb5 17. Nxb5 Rxb5 18. Bd4 Qb8 19. h4 Rc8 20. c3 a3 21. b3 e5 22. Bf2 d5 23. Qc2 dxe4 24. Be2 Nd5 25. Bxb5 Nb4 26. cxb4 Rxc2+ 27. Kxc2 Qxb5 28. Bc5 h6 29. Rhe1 Qc6 30. Rd6 Qb7 31. h5 gxh5 32. gxh5 f5 33. Rg1 Kh7 34. Rdg6 Bh8 35. Re6 Qc8 36. Re7+ Bg7 37. Rgxg7+ Kh8 38. Rh7+ 1-0

[Event "USA-ch GpB"]
[Site "San Diego"]
[Date "2006.03.07"]
[Round "5"]
[White "Muhammad, Stephen A"]
[Black "West, Vanessa A"]
[Result "1/2-1/2"]
[WhiteElo "2377"]
[BlackElo "2083"]
[PlyCount "138"]
[EventDate "2006.03.02"]
[EventType "swiss"]
[EventRounds "9"]
[EventCountry "USA"]
[SourceTitle "CBM 112"]
[Source "ChessBase"]
[SourceDate "2006.06.07"]
[SourceVersion "1"]
[SourceVersionDate "2006.06.07"]
[SourceQuality "1"]

1. d4 Nf6 2. c4 e6 3. Nf3 Bb4+ 4. Nbd2 0-0 5. a3 Bxd2+ 6. Qxd2 b6 7. g3 Bb7 8. Bg2 d6 9. 0-0 Nbd7 10. b4 c5 11. Bb2 Qe7 12. Rfd1 Rfd8 13. Rac1 Rac8 14. Ba1 cxd4 15. Qxd4 d5 16. Nh4 Nf8 17. Qe3 Ng6 18. Nxg6 hxg6 19. cxd5 Rxc1 20. Qxc1 Bxd5 21. f3 Bb7 22. e4 Ne8 23. Bf1 Rxd1 24. Qxd1 f6 25. Kf2 Qd6 26. Qc2 Qc6 27. Qb3 Kf7 28. Bd4 Nd6 29. a4 Bc8 30. h4 Bd7 31. a5 bxa5 32. bxa5 a6 33. Bb6 Nb5 34. Bc4 Qd6 35. Qd3 Qc6 36. Ke3 Ke7 37. f4 Qd6 38. Qb3 Qc6 39. Qb4+ Kf7 40. Qc5 Qa8 41. g4 Qb8 42. e5 Qa8 43. exf6 gxf6 44. f5 gxf5 45. gxf5 Qh8 46. fxe6+ Bxe6 47. Bxb5 axb5 48. Qc7+ Kg6 49. Qc2+ Kf7 50. Qc7+ Kg6 51. Qg3+ Kf7 52. a6 Qh6+ 53. Qf4 Qf8 54. Qc7+ Kg6 55. Qc2+ Kh6 56. Kf2 Qb8 57. Qc1+ Kg7 58. Qg1+ Kf7 59. Be3 Qe5 60. a7 Bd5 61. Qg4 Qb2+ 62. Qe2 Qxe2+ 63. Kxe2 b4 64. h5 b3 65. Kd3 Kg7 66. Kc3 Kh7 67. Bc1 Kg7 68. Kd4 Bg2 69. Kc4 b2 1/2-1/2

[Event "USA-ch GpB"]
[Site "San Diego"]
[Date "2006.03.05"]
[Round "3"]
[White "Itkis, Hana"]
[Black "West, Vanessa A"]
[Result "1/2-1/2"]
[WhiteElo "2105"]
[BlackElo "2083"]
[PlyCount "90"]
[EventDate "2006.03.02"]
[EventType "swiss"]
[EventRounds "9"]
[EventCountry "USA"]
[SourceTitle "CBM 112"]
[Source "ChessBase"]
[SourceDate "2006.06.07"]
[SourceVersion "1"]
[SourceVersionDate "2006.06.07"]
[SourceQuality "1"]

1. c4 Nf6 2. g3 g6 3. Bg2 Bg7 4. Nc3 0-0 5. Nf3 d6 6. 0-0 e5 7. d3 Nc6 8. Rb1 a5 9. a3 h6 10. b4 axb4 11. axb4 Be6 12. b5 Ne7 13. Bb2 Qd7 14. Re1 c6 15. c5 Ne8 16. cxd6 Nxd6 17. Na4 Qd8 18. bxc6 Nxc6 19. Nc5 Ba2 20. Rc1 Qb6 21. Qd2 Rfd8 22. Qc3 Bd5 23. e4 Ba2 24. Ba1 Nb5 25. Qc2 Nbd4 26. Nxd4 Nxd4 27. Bxd4 Rxd4 28. Ra1 Rc8 29. Rxa2 Qxc5 30. Qe2 Bf8 31. Bh3 Rc7 32. Rb1 b5 33. Ra5 Rb4 34. Rba1 Qd4 35. R5a2 Rb3 36. Bf1 Rbc3 37. Ra8 Kg7 38. Qf3 Be7 39. Rb8 Qd7 40. Raa8 Rc8 41. Rxc8 Rxc8 42. Rxc8 Qxc8 43. d4 exd4 44. Bxb5 Qc5 45. Bd3 Qe5 1/2-1/2

[Event "Southern California-ch cand"]
[Site "Los Alamitos"]
[Date "2005.06.18"]
[Round "1"]
[White "West, Vanessa A"]
[Black "Zaloznyy, Mike"]
[Result "1-0"]
[WhiteElo "2105"]
[BlackElo "1994"]
[PlyCount "65"]
[EventDate "2005.06.18"]
[EventType "swiss"]
[EventRounds "4"]
[EventCountry "USA"]
[SourceTitle "EXT 2014"]
[Source "ChessBase"]
[SourceDate "2013.11.20"]
[SourceVersion "1"]
[SourceVersionDate "2013.11.20"]
[SourceQuality "1"]

1. e4 e5 2. Nf3 Nf6 3. Nxe5 d6 4. Nf3 Nxe4 5. Nc3 Nxc3 6. dxc3 Be7 7. Bf4 Nc6 8. Qd2 Be6 9. 0-0-0 Qd7 10. Bb5 a6 11. Be2 Bf6 12. Ng5 Bf5 13. Bc4 0-0 14. Rhe1 Na5 15. Bxf7+ Rxf7 16. Nxf7 Be6 17. Ng5 Bxg5 18. Bxg5 Qb5 19. b3 Bf7 20. Re2 Nc6 21. Bf4 a5 22. Qd3 Qc5 23. a4 Rf8 24. Be3 Qa3+ 25. Kb1 Ne5 26. Qb5 c6 27. Qxb7 Nc4 28. Bc1 Qc5 29. Re7 Nb6 30. c4 d5 31. Bb2 dxc4 32. Rxf7 Rxf7 33. Rd8+ 1-0

[Event "USA-ch"]
[Site "San Diego"]
[Date "2004.11.29"]
[Round "5"]
[White "West, Vanessa A"]
[Black "Shahade, Jennifer"]
[Result "1-0"]
[WhiteElo "2107"]
[BlackElo "2361"]
[PlyCount "107"]
[EventDate "2004.11.24"]
[EventType "swiss"]
[EventRounds "9"]
[EventCountry "USA"]
[SourceTitle "CBM 105"]
[Source "ChessBase"]
[SourceDate "2005.04.11"]
[SourceVersion "1"]
[SourceVersionDate "2005.04.11"]
[SourceQuality "1"]

1. e4 d6 2. d4 Nf6 3. Nc3 g6 4. Bg5 Bg7 5. Nf3 h6 6. Bh4 Nc6 7. Be2 0-0 8. 0-0 Bg4 9. h3 Bxf3 10. Bxf3 Nh7 11. Ne2 Ng5 12. Bxg5 hxg5 13. c3 e6 14. g3 Ne7 15. Bg2 c6 16. Qd2 Bh6 17. Rad1 Kh7 18. Qc2 Qc7 19. c4 e5 20. Qd3 Rad8 21. d5 Qc8 22. Qa3 cxd5 23. cxd5 g4 24. hxg4 Qxg4 25. Bf3 Qd7 26. Kg2 Kg7 27. Rh1 a6 28. Nc3 Rh8 29. Na4 b5 30. Nc3 Qb7 31. Qb3 Rc8 32. a4 b4 33. a5 Rc5 34. Ra1 Rb8 35. Nd1 Qc7 36. Ra4 Rxa5 37. Rxb4 Rxb4 38. Qxb4 Rc5 39. Be2 a5 40. Qa3 Qb6 41. Ne3 f5 42. exf5 gxf5 43. Qd3 Qb7 44. Nxf5+ Nxf5 45. Qxf5 Qxd5+ 46. Bf3 e4 47. Qg4+ Qg5 48. Qd7+ Kg8 49. Bxe4 d5 50. Bf5 d4 51. Be6+ Kh8 52. Qe8+ Kh7 53. Bg8+ Kh8 54. Qe6 1-0

[Event "USA-ch"]
[Site "San Diego"]
[Date "2004.11.24"]
[Round "1"]
[White "West, Vanessa A"]
[Black "Lapshun, Yury"]
[Result "0-1"]
[WhiteElo "2107"]
[BlackElo "2461"]
[PlyCount "82"]
[EventDate "2004.11.24"]
[EventType "swiss"]
[EventRounds "9"]
[EventCountry "USA"]
[SourceTitle "CBM 105"]
[Source "ChessBase"]
[SourceDate "2005.04.11"]
[SourceVersion "1"]
[SourceVersionDate "2005.04.11"]
[SourceQuality "1"]

1. e4 e5 2. Nf3 Nc6 3. Bb5 a6 4. Ba4 Nf6 5. 0-0 Nxe4 6. d4 b5 7. Bb3 d5 8. dxe5 Be6 9. Nbd2 Nc5 10. c3 d4 11. Ng5 Qxg5 12. Qf3 0-0-0 13. Bxe6+ fxe6 14. Qxc6 Qxe5 15. Nf3 Qd5 16. Nxd4 e5 17. Qxd5 Rxd5 18. Nf5 e4 19. Ng3 Bd6 20. Be3 Bxg3 21. hxg3 Nd3 22. b4 Re8 23. Rad1 Red8 24. Bd4 Nxb4 25. Rfe1 c5 26. cxb4 Rxd4 27. Rxd4 Rxd4 28. bxc5 Kd7 29. f3 exf3 30. gxf3 a5 31. Re2 b4 32. Kf2 Rd5 33. f4 Rxc5 34. Rd2+ Kc6 35. g4 a4 36. Rb2 Kb5 37. Ke3 a3 38. Rd2 b3 39. axb3 Kb4 40. Kd4 Ra5 41. Rh2 a2 0-1

[Event "Southern California-ch"]
[Site "Los Angeles"]
[Date "2004.07.24"]
[Round "6"]
[White "West, Vanessa A"]
[Black "Miller, Ike S"]
[Result "1-0"]
[WhiteElo "2097"]
[BlackElo "2139"]
[PlyCount "117"]
[EventDate "2004.07.10"]
[EventType "tourn"]
[EventRounds "7"]
[EventCountry "USA"]
[EventCategory "1"]
[SourceTitle "CBM 101 Extra"]
[Source "ChessBase"]
[SourceDate "2004.09.01"]
[SourceVersion "2"]
[SourceVersionDate "2004.09.01"]
[SourceQuality "1"]

1. e4 c5 2. Nf3 d6 3. Bb5+ Nd7 4. d4 Ngf6 5. Nc3 cxd4 6. Qxd4 e5 7. Qd3 h6 8. Be3 Be7 9. 0-0 0-0 10. Rfd1 a6 11. Bxd7 Bxd7 12. a4 Be6 13. a5 Rc8 14. Bb6 Qe8 15. Nd2 Qc6 16. Nf1 Nd7 17. Be3 Bc4 18. Qd2 Nf6 19. f3 Kh7 20. Bb6 Be6 21. Ne3 Nd7 22. Ned5 Bg5 23. Qf2 Nxb6 24. Nxb6 Rce8 25. Kh1 f5 26. Qe2 Bd8 27. exf5 Bxf5 28. Nbd5 Bg6 29. Ne4 Re6 30. Ra3 Qe8 31. Rb3 Rf7 32. Nb6 Bxb6 33. Rxb6 d5 34. Nd6 Qd7 35. Nxf7 Qxf7 36. Rxe6 Qxe6 37. Qd2 d4 38. h3 Qc4 39. Re1 Bxc2 40. Rxe5 Bg6 41. f4 Qf1+ 42. Kh2 Qc4 43. f5 Bf7 44. Re4 Qc7+ 45. Kh1 Bd5 46. Rxd4 Bc6 47. Rg4 Qf7 48. Qd4 Bd7 49. Rf4 Bc6 50. Rf1 Bb5 51. Rf2 Bc6 52. f6 g5 53. Re2 Qb3 54. Re3 Qc2 55. Qd3+ Qxd3 56. Rxd3 Kg6 57. Rd6 h5 58. Kg1 h4 59. Kf2 1-0

[Event "Las Vegas National op"]
[Site "Las Vegas"]
[Date "2004.06.19"]
[Round "3"]
[White "West, Vanessa A"]
[Black "Jungman, Gerard J"]
[Result "1/2-1/2"]
[WhiteElo "2098"]
[BlackElo "2010"]
[PlyCount "146"]
[EventDate "2004.06.18"]
[EventType "swiss"]
[EventRounds "6"]
[EventCountry "USA"]
[SourceTitle "CBM 100 Extra"]
[Source "ChessBase"]
[SourceDate "2004.07.06"]
[SourceVersion "2"]
[SourceVersionDate "2004.07.06"]
[SourceQuality "1"]

1. e4 e6 2. d4 d5 3. Nc3 Nf6 4. e5 Nfd7 5. f4 c5 6. Nf3 Nc6 7. Be3 a6 8. Qd2 b5 9. Be2 Qb6 10. 0-0 cxd4 11. Nxd4 Bc5 12. Rad1 Nxd4 13. Bxd4 Bxd4+ 14. Qxd4 Ke7 15. Bf3 Qxd4+ 16. Rxd4 Bb7 17. Ne2 Rac8 18. Rd2 a5 19. Nd4 b4 20. Bg4 Ba6 21. Rf3 g6 22. Rd1 Nb8 23. Rf2 Nc6 24. Nf3 a4 25. Bh3 h5 26. g3 Na5 27. b3 a3 28. Bf1 Bxf1 29. Kxf1 Rc3 30. Nd4 Rhc8 31. Rdd2 R8c5 32. Ke1 Nc6 33. Kd1 Kd7 34. Rf3 Rxf3 35. Nxf3 Kc7 36. Nd4 Kb6 37. Nxc6 Kxc6 38. Rd3 Kb5 39. Kd2 Rc8 40. c3 h4 41. g4 g5 42. cxb4 Kxb4 43. Rd4+ Kc5 44. Ra4 gxf4 45. Rxf4 h3 46. Ke3 Kb5 47. Rf2 Rc1 48. Rxf7 Rg1 49. Ra7 Rxg4 50. Rxa3 Rg2 51. Kf3 Rxh2 52. Kg3 Rh1 53. Ra8 Re1 54. Kxh3 Rxe5 55. Kg3 Kb4 56. Kf4 Re1 57. Ra4+ Kc3 58. Kf3 Kd3 59. Ra6 d4 60. b4 e5 61. Re6 e4+ 62. Kf4 e3 63. b5 Ra1 64. b6 Rxa2 65. b7 Rb2 66. Re7 Kd2 67. Kf3 Rb6 68. Rd7 d3 69. Ke4 Rb4+ 70. Rd4 e2 71. Rxb4 e1Q+ 72. Kd5 Qh1+ 73. Kc5 Qh5+ 1/2-1/2

[Event "US Open-104"]
[Site "Los Angeles"]
[Date "2003.08.11"]
[Round "8"]
[White "West, Vanessa A"]
[Black "Aigner, Michael"]
[Result "0-1"]
[WhiteElo "2011"]
[BlackElo "2158"]
[PlyCount "64"]
[EventDate "2003.08.03"]
[EventType "swiss"]
[EventRounds "12"]
[EventCountry "USA"]
[SourceTitle "CBM 095 Extra"]
[Source "ChessBase"]
[SourceDate "2003.09.04"]
[SourceVersion "1"]
[SourceVersionDate "2003.09.04"]
[SourceQuality "1"]

1. e4 e5 2. Nf3 Nc6 3. Bb5 a6 4. Ba4 Nf6 5. 0-0 Be7 6. Re1 b5 7. Bb3 0-0 8. a4 Bb7 9. d3 d6 10. Nbd2 Nd7 11. c4 b4 12. a5 Nc5 13. Nf1 f5 14. exf5 Rxf5 15. Bc2 Rxf3 16. Qxf3 Nd4 17. Qd1 b3 18. Bb1 Nce6 19. Be3 Bg5 20. Nd2 Qe8 21. Nxb3 Qg6 22. Nxd4 Bxe3 23. Nf3 Nf4 24. Nh4 Nh3+ 25. Kf1 Qf6 26. Nf3 Bd4 27. c5 Kh8 28. cxd6 cxd6 29. Qe2 Rf8 30. Rc1 Nf4 31. Qd2 Bxf3 32. gxf3 Qg5 0-1

[Event "US Open-104"]
[Site "Los Angeles"]
[Date "2003.08.11"]
[Round "7"]
[White "West, Vanessa A"]
[Black "Weinberger, Tibor"]
[Result "1/2-1/2"]
[WhiteElo "2011"]
[BlackElo "2220"]
[PlyCount "112"]
[EventDate "2003.08.03"]
[EventType "swiss"]
[EventRounds "12"]
[EventCountry "USA"]
[SourceTitle "CBM 095 Extra"]
[Source "ChessBase"]
[SourceDate "2003.09.04"]
[SourceVersion "1"]
[SourceVersionDate "2003.09.04"]
[SourceQuality "1"]

1. e4 c6 2. d4 d5 3. Nc3 dxe4 4. Nxe4 Nf6 5. Nxf6+ gxf6 6. Nf3 Bg4 7. Be2 Qc7 8. 0-0 e6 9. Be3 Nd7 10. c4 0-0-0 11. Qb3 Bd6 12. h3 Bh5 13. Rfd1 Rhg8 14. Qc3 Rg7 15. Kh1 Rdg8 16. Rg1 f5 17. d5 c5 18. dxe6 fxe6 19. Rad1 e5 20. Qd2 Be7 21. Qxd7+ Qxd7 22. Rxd7 Kxd7 23. Nxe5+ Ke6 24. Bxh5 Kxe5 25. Bh6 Bf6 26. Bxg7 Rxg7 27. Rd1 Ke6 28. b3 Bd4 29. Re1+ Kf6 30. Kg1 Re7 31. Rxe7 Kxe7 32. Kf1 Kf6 33. f4 Be3 34. g3 b6 35. Ke2 Bc1 36. Bf3 h6 37. Bd5 Ke7 38. Kf3 Kf6 39. Bb7 Bd2 40. Bc8 Bc1 41. g4 fxg4+ 42. hxg4 Bd2 43. Ke4 Bc1 44. Kd5 Bxf4 45. Kc6 Ke7 46. Bf5 Bd2 47. Kb7 Kd6 48. Kxa7 Kc7 49. Ka6 Be1 50. Kb5 Bd2 51. Be4 Be1 52. a3 Bd2 53. b4 cxb4 54. axb4 Be1 55. c5 bxc5 56. bxc5 Bf2 1/2-1/2